Basic Words by Letter - I - Statistics

General Stats
  • This quiz has been taken 42 times
  • The average score is 9 of 10
Answer Stats
Hint Answer % Correct
Solid water, can be melted Ice
97%
The big body of ice that killed the Titanic Iceberg
97%
House made of snow Igloo
97%
Liquid put on pens to write or draw Ink
97%
Land surrounded by water Island
97%
Can be used to straighten clothes (or make ingots in Minecraft) Iron
92%
Green reptile Iguana
89%
Can be put in a cup or cone Ice Cream
86%
How to access Google, Safari, etc. Internet
86%
Small, six-legged invertebrate Insect
65%
No matching quizzes found
Score Distribution
Percent of People with Each Score
Percentile by Number Answered
Your Score History
You have not taken this quiz